000 02633nkm0a2200445 4500
001 RU\NLR\BIBL_A\022638177
005 20251130044654.0
035 _a(NLR Aleph) 022638177
090 _a13470180
_c13470180
100 _a20251007d1915 u y0rusy50 ca
101 0 _arus
102 _aRU
116 _aiiycxx zz ad
135 _acrcn 024anaba
181 0 _ab4
_bxb2e
182 0 _an
200 1 _aГримасы большого города
_eсовременная драма
_eв 5-ти част.
_eс участием И. И. Мозжухина и Н. А. Лысенко
_e[плакат]
203 _aИзображение
_bнеподвижное
_bдвухмерное
_bвизуальное
_cнепосредственное
210 _aМосква
_cТипо-литография Русского товарищества печатного и издательского дела
_d1915
215 _a1 л. (3 изобр.)
_cфотомех. печ.
_d106,3х69,6
300 _aНа л. внизу в углах фабр. знак "Художественные фильмы. И. Н. Ермольев. Москва"
325 _aКопия доступна в Электрон. б-ке РНБ
327 0 _aЧ/б фото сцен фильма
606 1 _aКиноплакат русский
_z1908 - 1919
_92508567
_3RU\NLR\AUTH\6601702435
686 _aЩ153(2Р=Рус)53-465
711 0 2 _aКинофабрика И. Н. Ермольева
_cМосква
_9864926
_3RU\NLR\AUTH\880599997
712 0 2 _4610
_aРусское товарищество печатного и издательского дела
_bТиполитография
_cМосква
_9864928
_3RU\NLR\AUTH\880599998
830 _aДатировка по: Вишневский В. Художественные фильмы дореволюционной России (Фильмографическое описание). - М., Госкиноиздат, 1945. - № 662
852 0 0 _aNLR
_bЭ
_jАфИс900-I/Г841
_mЭаф5480
852 0 0 _aNLR
_bЭ
_jАфИс900-I/Г841
_mинв.155533
856 0 _uhttps://vivaldi.nlr.ru/la000070945/view
856 1 _uhttps://vivaldi.nlr.ru/la000070945/cover
856 2 _uhttps://vivaldi.nlr.ru/la000070945/text
901 _eИзографические материалы
942 _cVISUAL
980 _aNB
981 1 7 _a(17) Изографические материалы
_b(17) Плакаты